00892nam a2200205 a 4500001001000000003000400010005001700014008004100031040002500072082002400097100003300121245008200154260002900236300002000265500028100285504002700566600003200593600002600625650003500651000031980OSt20221018102753.0110707s195? dr r 000 0 spa d aDO-SdBNPbspacBNPHU 4a921.683bV161do2221 aValenzuela, Victor M.d1920-10aDos pensadores Chilenos :bJorge Millas y Waldo Ross /cVictor M. Valenzuela. a[Puerto Rico] ;c[195?]. a16 p. ;c23 cm. aEste estudio fue publicado por la Revista Asomante de la Asociación de Graduadas de la Universidad de Puerto Rico, San Juan P. R., no. 3-1955. Se reproduce aquí para uso de los estudiantes de la cátedra de Filosofía Latino Americana de la Universidad de Santo Domingo. aBibliografía : p. 1614a Millas, Jorge,d1919-1982.14aRoss, Waldo, d1926-  4aFilósofos chilenosySiglo XX